Taylor Swift songs by letter - A - Statistics

General Stats
  • This quiz has been taken 84 times
    13 since last reset
  • The average score is 4 of 9
Answer Stats
Answer % Correct
All Too Well
73%
Afterglow
55%
All You Had To Do Was Stay
55%
august
55%
All Of The Girls You Loved Before
36%
Anti-Hero
36%
A Place In This World
36%
Actually Romantic
27%
A Perfectly Good Heart
18%
No matching quizzes found
Score Distribution
Percent of People with Each Score
Percentile by Number Answered
Your Score History
You have not taken this quiz since the last reset